Сорбционная активность ультрадисперсных металлических порошков; Физико-химия и технология дисперсных порошков

Détails bibliographiques
Parent link:Физико-химия и технология дисперсных порошков.— 1984.— С. 109-112
Auteur principal: Кривобоков В. П. Валерий Павлович
Autres auteurs: Хасанов О. Л. Олег Леонидович
Résumé:В фонде НТБ ТПУ отсутствует
Langue:russe
Publié: 1984
Sujets:
Format: Chapitre de livre
KOHA link:https://koha.lib.tpu.ru/cgi-bin/koha/opac-detail.pl?biblionumber=596986

MARC

LEADER 00000naa0a2200000 4500
001 596986
005 20251202102127.0
035 |a (RuTPU)RU\TPU\tpu\20075 
090 |a 596986 
100 |a 20110927d1984 k||y0rusy50 ca 
101 0 |a rus 
102 |a RU 
200 1 |a Сорбционная активность ультрадисперсных металлических порошков  |f В. П. Кривобоков, О. Л. Хасанов 
333 |a В фонде НТБ ТПУ отсутствует 
463 |t Физико-химия и технология дисперсных порошков  |v С. 109-112  |d 1984 
610 1 |a труды учёных ТПУ 
700 1 |a Кривобоков  |b В. П.  |c физик  |c профессор Томского политехнического университета, доктор физико-математических наук  |f 1948-  |g Валерий Павлович  |3 (RuTPU)RU\TPU\pers\21971  |9 9290 
701 1 |a Хасанов  |b О. Л.  |c физик, специалист в области наноматериалов  |c профессор Томского политехнического университета, доктор технических наук  |c директор Нано-Центра ТПУ, заведующий кафедрой наноматериалов и нанотехнологий  |f 1958-  |g Олег Леонидович  |3 (RuTPU)RU\TPU\pers\26436  |4 070  |9 12140 
801 1 |a RU  |b 63413507  |c 20110927 
801 2 |a RU  |b 63413507  |c 20141118  |g RCR 
942 |c BK